Произведения Николая Гоголя - Армагеддон - Statistics

General Stats
  • This quiz has been taken 73 times
  • The average score is 8 of 25
Answers on the Grid
Answers color-coded by a green-red scale on the quiz's grid according to % correct below.
Сорочинская ярмарка
Москва и москвичи
Заколдованное место
Старосветские помещики
Повесть о том, как поссорился Иван Иванович с Иваном Никифоровичем
Нос
Записки из Мёртвого дома
Ночь перед Рождеством
Коляска
Арабески
Сон
Бедные люди
Мёртвые души
Повесть о дружбе и недружбе
Страшная месть
Майская ночь
Игроки
Вий
Портрет
Записки сумасшедшего
Энеида
Вечер накануне Ивана Купала
Мещанин во дворянстве
Капитанская дочка
Песня о купце Калашникове
Невский проспект
Ревизор
Ганц Кюхельгартен
Тарас Бульба
Человек в футляре
Казаки
Повесть о капитане Копейкине
Бесы
Тяжба
Дворянское гнездо
Женитьба
Хожение за три моря
Шинель
Утро делового человека
Сон смешного человека
 
Answer Stats
Answer % Correct
Мёртвые души
83%
Ревизор
83%
Тарас Бульба
77%
Ночь перед Рождеством
62%
Вий
62%
Шинель
62%
Повесть о том, как поссорился Иван Иванович с Иваном Никифоровичем
53%
Нос
51%
Сорочинская ярмарка
45%
Вечер накануне Ивана Купала
40%
Заколдованное место
30%
Женитьба
30%
Майская ночь
26%
Страшная месть
19%
Невский проспект
19%
Старосветские помещики
17%
Записки сумасшедшего
17%
Портрет
15%
Повесть о капитане Копейкине
15%
Коляска
13%
Игроки
9%
Арабески
8%
Ганц Кюхельгартен
6%
Тяжба
2%
Утро делового человека
0%
No matching quizzes found
Score Distribution
Percent of People with Each Score
Percentile by Number Answered
Your Score History
You have not taken this quiz